Loading...
| Fine Arts - Classical Music | 0 | 8 | 1 | 1 | 75 | 41 | 84.25 | 1 | 4 | 0.00 | 1.52 |
| Literature - European | 0 | 4 | 0 | 0 | 40 | 44 | 104.25 | 1 | 1 | 1.50 | 6.06 |
| Literature - American | 0 | 3 | 0 | 0 | 30 | 114 | 123.00 | 0 | 2 | 0.00 | 0.00 |
| Science - Chemistry | 0 | 3 | 0 | 1 | 30 | 97 | 110.33 | 0 | 1 | 0.00 | 0.00 |
| Literature - World | 0 | 2 | 0 | 0 | 20 | 115 | 122.00 | 0 | 1 | 10.17 | 21.85 |
| Fine Arts - Other | 0 | 3 | 2 | 0 | 20 | 53 | 94.33 | 0 | 1 | 0.00 | 0.00 |
| Literature - British | 0 | 2 | 0 | 0 | 20 | 57 | 97.00 | 1 | 1 | 1.18 | 13.29 |
| Philosophy | 0 | 2 | 0 | 0 | 20 | 95 | 102.00 | 0 | 1 | 6.06 | 16.43 |
| Religion | 0 | 2 | 0 | 0 | 20 | 84 | 107.00 | 0 | 0 | 10.86 | 31.99 |
| Science - Physics | 0 | 3 | 2 | 0 | 20 | 31 | 50.67 | 2 | 3 | 0.00 | 1.52 |
| Science - Other | 0 | 2 | 1 | 0 | 15 | 74 | 95.50 | 0 | 1 | 2.46 | 8.68 |
| Other Academic | 0 | 1 | 0 | 0 | 10 | 63 | 63.00 | 0 | 0 | 0.00 | 11.54 |
| Geography | 0 | 1 | 0 | 0 | 10 | 81 | 81.00 | 0 | 1 | 0.00 | 0.00 |
| History - European | 0 | 1 | 0 | 0 | 10 | 98 | 98.00 | 0 | 1 | 4.35 | 10.61 |
| History - American | 0 | 1 | 0 | 0 | 10 | 100 | 100.00 | 0 | 0 | 0.00 | 0.00 |
| Social Science | 0 | 1 | 1 | 0 | 5 | 94 | 94.00 | 0 | 0 | 6.73 | 14.16 |
| Science - Biology | 0 | 0 | 0 | 0 | 0 | 0.00 | 0 | 0 | 0.88 | 3.79 | |
| History - World | 0 | 1 | 2 | 1 | 0 | 142 | 142.00 | 0 | 0 | 4.59 | 11.60 |
| Fine Arts - Painting and Sculpture | 0 | 1 | 2 | 0 | 0 | 103 | 103.00 | 0 | 0 | 0.00 | 0.00 |
| Mythology | 0 | 0 | 0 | 0 | 0 | 0.00 | 0 | 0 | 0.52 | 2.27 |